Sports Quiz

Random Sports or NFL Quiz

NFL Top 5 Rushers per Team (2000s) Quiz Stats

 Plays Quiz Updated Feb 14, 2016

Also try: NFL Top 5 Rushers
Challenge
Share
Tweet
Embed
Score 0/160 Timer 12:00
3 Plays Today
Franchise Players % Correct
TennesseeChris Johnson
90.3%
Kansas CityLarry Johnson
90.2%
CincinnatiRudi Johnson
90.1%
ArizonaThomas Jones
89.2%
ChicagoThomas Jones
89.2%
DallasFelix Jones
89.2%
N.Y. JetsThomas Jones
89.2%
DallasJulius Jones
89.2%
SeattleJulius Jones
89.2%
DetroitKevin Jones
89.1%
JacksonvilleGreg Jones
89.1%
CarolinaDeAngelo Williams
88.5%
MiamiRicky Williams
88.5%
New OrleansRicky Williams
88.5%
Tampa BayCadillac Williams
88.3%
HoustonDomanick Williams
88.2%
St. LouisSteven Jackson
87.5%
BuffaloFred Jackson
87.4%
Green BayBrandon Jackson
87.2%
ArizonaEmmitt Smith
87.1%
DallasEmmitt Smith
87.1%
MinnesotaRobert Smith
86.9%
DetroitKevin Smith
86.8%
MiamiLamar Smith
86.8%
New EnglandAntowain Smith
86.8%
MinnesotaAdrian Peterson
86.6%
San DiegoLaDainian Tomlinson
86.5%
ArizonaEdgerrin James
86.1%
IndianapolisEdgerrin James
86.1%
N.Y. GiantsTiki Barber
83.9%
DallasMarion Barber
83.6%
BaltimoreJamal Lewis
83.1%
ClevelandJamal Lewis
83.1%
Green BayAhman Green
82.9%
ClevelandWilliam Green
82.7%
San FranciscoFrank Gore
81.8%
PittsburghJerome Bettis
80.7%
St. LouisMarshall Faulk
79.5%
New EnglandKevin Faulk
79.3%
SeattleShaun Alexander
78.6%
Kansas CityPriest Holmes
77.3%
JacksonvilleFred Taylor
76.2%
JacksonvilleMaurice Jones-Drew
76.1%
BaltimoreChester Taylor
76%
MinnesotaChester Taylor
76%
DenverClinton Portis
75.5%
WashingtonClinton Portis
75.5%
AtlantaMichael Turner
75.2%
San DiegoMichael Turner
75.2%
N.Y. JetsCurtis Martin
74.8%
PhiladelphiaBrian Westbrook
73.8%
AtlantaMichael Vick
71.9%
AtlantaWarrick Dunn
71.6%
Tampa BayWarrick Dunn
71.6%
Franchise Players % Correct
CarolinaStephen Davis
71.1%
WashingtonStephen Davis
71.1%
MiamiRonnie Brown
69.2%
TennesseeChris Brown
69.1%
BaltimoreRay Rice
68.5%
CarolinaJonathan Stewart
68.4%
DetroitJames Stewart
68.2%
PittsburghKordell Stewart
68.2%
New OrleansReggie Bush
68%
OaklandMichael Bush
67.7%
CincinnatiCorey Dillon
67.1%
New EnglandCorey Dillon
67.1%
BuffaloMarshawn Lynch
66.9%
CarolinaDeShaun Foster
66.6%
TennesseeEddie George
65.7%
PittsburghWillie Parker
64.8%
New OrleansDeuce McAllister
63.2%
N.Y. GiantsBrandon Jacobs
63.2%
New OrleansPierre Thomas
63.2%
ChicagoAnthony Thomas
63.2%
IndianapolisJoseph Addai
63.2%
DenverMike Anderson
62.3%
ChicagoMatt Forte
61.3%
BaltimoreWillis McGahee
60.9%
BuffaloWillis McGahee
60.9%
N.Y. GiantsAhmad Bradshaw
60.5%
Kansas CityJamaal Charles
53%
ChicagoCedric Benson
52.7%
CincinnatiCedric Benson
52.7%
PittsburghRashard Mendenhall
52.2%
Green BayRyan Grant
51.1%
PhiladelphiaDonovan McNabb
49.1%
Tampa BayMike Alstott
47.9%
TennesseeLenDale White
46.6%
ClevelandJamel White
46.5%
DenverTatum Bell
45.6%
HoustonJonathan Wells
42.2%
HoustonSteve Slaton
41.8%
San DiegoDarren Sproles
41.6%
PhiladelphiaDuce Staley
39.7%
San FranciscoGarrison Hearst
39.1%
BuffaloTravis Henry
38.5%
N.Y. GiantsDerrick Ward
37.1%
OaklandJustin Fargas
33.6%
IndianapolisPeyton Manning
33.4%
New EnglandLaurence Maroney
33%
IndianapolisDominic Rhodes
32.7%
SeattleMaurice Morris
31%
MiamiSammy Morris
31%
New EnglandSammy Morris
31%
DenverSelvin Young
30.9%
SeattleRicky Watters
28.9%
TennesseeSteve McNair
27.7%
ClevelandReuben Droughns
27.5%
Franchise Players % Correct
DenverReuben Droughns
27.5%
MinnesotaDaunte Culpepper
27.1%
HoustonRon Dayne
26.1%
N.Y. GiantsRon Dayne
26.1%
MinnesotaMichael Bennett
25.5%
WashingtonLadell Betts
25.3%
OaklandCharlie Garner
25.1%
San FranciscoCharlie Garner
25.1%
ClevelandJerome Harrison
24.5%
AtlantaT.J. Duckett
24.3%
PhiladelphiaDorsey Levens
24.2%
N.Y. JetsLaMont Jordan
22.6%
OaklandLaMont Jordan
22.6%
ChicagoJames Allen
22.3%
JacksonvilleDavid Garrard
20.7%
N.Y. JetsLeon Washington
19.4%
PhiladelphiaCorrell Buckhalter
18.7%
OaklandTyrone Wheatley
18.5%
New OrleansAaron Brooks
18.5%
ArizonaMichael Pittman
17.4%
Tampa BayMichael Pittman
17.4%
St. LouisAntonio Pittman
17.3%
San FranciscoKevan Barlow
17.2%
San FranciscoJeff Garcia
17.2%
HoustonDavid Carr
16.8%
BaltimoreLe'Ron McClain
15.5%
Kansas CityTony Richardson
15.3%
AtlantaJerious Norwood
14.4%
WashingtonJason Campbell
14%
Tampa BayEarnest Graham
12.5%
SeattleMatt Hasselbeck
11.1%
CincinnatiChris Perry
9.2%
St. LouisTrung Canidate
9%
ArizonaMarcell Shipp
8.8%
Green BayNajeh Davenport
6.9%
CarolinaNick Goings
6.1%
DallasTroy Hambrick
5.5%
CincinnatiKenny Watson
5.2%
WashingtonRock Cartwright
5%
PittsburghAmos Zereoue
4.7%
JacksonvilleStacey Mack
4.3%
Kansas CityDerrick Blaylock
3.1%
BuffaloShawn Bryson
3%
DetroitShawn Bryson
3%
St. LouisLamar Gordon
3%
Green BayTony Fisher
2.4%
IndianapolisKenton Keith
2.2%
N.Y. JetsCedric Houston
2.1%
MiamiTravis Minor
2%
DetroitArtose Pinner
1.5%
San DiegoJesse Chatman
1.3%
San DiegoTerrell Fletcher
1.1%

You're not logged in!

Compare scores with friends on all Sporcle quizzes.
OR
Log In

You Might Also Like...

Show Comments

Extras

Top Quizzes Today


Score Distribution

Your Account Isn't Verified!

In order to create a playlist on Sporcle, you need to verify the email address you used during registration. Go to your Sporcle Settings to finish the process.

Report this User

Report this user for behavior that violates our Community Guidelines.

Details: